Did These Nations Speak Sanskrit? - Statistics

General Stats
  • This quiz has been taken 95 times
  • The average score is 9 of 15
Answer Stats
Question Answer % Correct
Gupta Empire Yes
95%
Srivijaya Yes
90%
Đại Việt No
85%
Nanyue No
80%
Bruneian Empire No
75%
Vijayanagara Empire Yes
75%
Majapahit Yes
70%
Tibetan Empire No
50%
Khmer Empire Yes
50%
Shunga Empire Yes
50%
Indo-Greek Kingdom Yes
50%
Kingdom of Kandy No
45%
Kingdom of Champan Yes
45%
Funan Yes
10%
Ayutthaya Kingdom No
5%
No matching quizzes found
Score Distribution
Percent of People with Each Score
Percentile by Number Answered
Your Score History
You have not taken this quiz